| 000 | 00712cam a2200229 a 4500 | ||
|---|---|---|---|
| 008 | |||
| 020 | _a0727732668 (hbk.) | ||
| 049 | _aMAIN | ||
| 090 |
_aTH6012 _bINT |
||
| 245 | 0 | 0 |
_aIntelligent buildings : _bdesign, management and operation / _c[edited by] Derek Clements-Croome. |
| 260 |
_aLondon : _bThomas Telford, _c2004. |
||
| 300 |
_axiv, 408 p. : _bill. ; _c25 cm. |
||
| 504 | _aIncludes bibliographical references. | ||
| 500 | _aIncludes index. | ||
| 650 | 0 | _aIntelligent buildings. | |
| 700 | 1 | _aCroome-Clements, Derek. | |
| 907 |
_a.b1033290x _b14-06-13 _c11-06-13 |
||
| 003 | |||
| 005 | 20230123122017.0 | ||
| 040 | _cNUST | ||
| 942 |
_cBOOKS _kTH6012 _mINT |
||
| 999 |
_c126249 _d126249 |
||